<The> Dynamics and context of regional cooperation in the western Balkans

Regionálna spolupráca na západnom Balkáne, fázy a formy. Výsledky doterajšej spolupráce, prekážky, výzvy a výhliadky pre budúcnosť. Nová fáza kooperácie: Stratégia 2020.

Enregistré dans:
Détails bibliographiques
Auteur principal: Minič, Jelica
Format: Chapitre de livre
Langue:anglais
Sujets:
Tags: Ajouter un tag
Pas de tags, Soyez le premier à ajouter un tag!

MARC

LEADER 00000naa a2200000 4500
001 0184021
005 20231208103937.3
041 0 |a eng 
044 |a SK 
245 1 0 |a <The> Dynamics and context of regional cooperation in the western Balkans  |c Jelica Minič 
520 |a Regionálna spolupráca na západnom Balkáne, fázy a formy. Výsledky doterajšej spolupráce, prekážky, výzvy a výhliadky pre budúcnosť. Nová fáza kooperácie: Stratégia 2020. 
610 2 0 |a Balkán 
610 2 0 |a Európska únia 
610 2 0 |a regióny 
610 2 0 |a spolupráca regionálna 
610 2 0 |a spolupráca medzinárodná 
610 2 0 |a Európska komisia 
100 1 |a Minič, Jelica